Central Library, Doon University
WEBOPAC (ONLINE PUBLIC ACCESS CATALOGUE)

Objective Biotechnology (Record no. 60723)

MARC details
000 -LEADER
fixed length control field 00529nam a22001937a 4500
005 - DATE & TIME
control field 20260423164844.0
008 - FIXED-LENGTH DATA ELEMENTS--GENERAL INFORMATION
fixed length control field 260423b |||||||| |||| 00| 0 eng d
020 ## - ISBN
International Standard Book Number 9789354661075
Price 995.00
040 ## - CATALOGING SOURCE
Original cataloging agency Doon University
082 ## - DDC NUMBER
Classification number 660.6
Book Number SEN
100 ## - MAIN ENTRY--PERSONAL NAME
Personal name Sengar R. S.
245 ## - TITLE STATEMENT
Title Objective Biotechnology
Sub Title : For Competitive Examinations
250 ## - EDITION STATEMENT
Edition statement 2nd
260 ## - PUBLICATION, DISTRIBUTION, ETC. (IMPRINT)
Place of publication, distribution, etc New Delhi
Name of publisher, distributor, etc CBS Publishers
Date of publication, distribution, etc 2023
300 ## - PHYSICAL DESCRIPTION
Pages 743
650 ## - Subject
Subject Environment Science (PM USHA)
700 ## - Added Entry Personal Name
Added Entry Personal Name Amit, Kumar
942 ## - ADDED ENTRY ELEMENTS (KOHA)
Koha item type Books
100 ## - MAIN ENTRY--PERSONAL NAME
-- 21074
650 ## - Subject
-- 26725
700 ## - Added Entry Personal Name
-- 26025
952 ## - LOCATION AND ITEM INFORMATION (KOHA)
-- 2026-04-23
952 ## - LOCATION AND ITEM INFORMATION (KOHA)
-- 2026-04-23
952 ## - LOCATION AND ITEM INFORMATION (KOHA)
-- 2026-04-23
Holdings
Withdrawn status Lost status Source of classification or shelving scheme Damaged status Not for loan Location (home branch) Sublocation or collection (holding branch) Date acquired Koha full call number Accession No. Koha date last seen Koha item type
          Doon University Doon University 23.04.2026 660.6 SEN 32883 23.04.2026 Books
          Doon University Doon University 23.04.2026 660.6 SEN 32884 23.04.2026 Books
          Doon University Doon University 23.04.2026 660.6 SEN 32885 23.04.2026 Books
Contact : +91-135-2533126 (Library),+91-135-2533105 (Admin Office) , Email : doonlibrary@gmail.com

Powered by Koha